| 000 | 00766cam a2200301 4500 | ||
|---|---|---|---|
| 001 | ABS67830 | ||
| 008 | 040601n2004 000 0 eng u | ||
| 035 | _a(Sirsi) u126344 | ||
| 100 | _aKhatri, M. | ||
| 245 | _aEconomic update for the eurozone | ||
| 260 | _c2004 | ||
| 490 |
_aRICS European Alert _vMay 2004, 6(1) |
||
| 520 | _aProvides the latest assessment by RICS economists of the euro area economy. | ||
| 590 | _aABS | ||
| 590 | _aABS | ||
| 650 | _aINDUSTRY | ||
| 650 | _aEXPORTS | ||
| 650 | _aCONSUMER SPENDING | ||
| 650 | _aMANUFACTURING | ||
| 650 | _aSERVICES | ||
| 650 | _aLABOUR MARKET | ||
| 650 | _aEUROZONE | ||
| 650 | _aEUROPE | ||
| 690 | _aECONOMIC ISSUES | ||
| 700 | _aFarrelly, K. | ||
| 700 | _aEmmett, R. | ||
| 942 | _n0 | ||
| 999 |
_c117429 _d117429 |
||